Top 10 bekendste genomineerde grootste Nederlanders - Sudden Death - Statistieken

Algemene statistieken
  • Deze quiz is 13 keer genomen
  • De gemiddelde score is 7 van 10
Answers on the Grid
Answers color-coded by a green-red scale on the quiz's grid according to % correct below.
Desiderius Erasmus
Johan Cruijff
Joop Zoetemelk
Hans van Mierlo
Hans Wiegel
Anne Frank
Eddy Merckx
Antoni van Leeuwenhoek
Bas van der Vlies
Jan Janssen
Michiel de Ruyter
Anton Dreesmann
Pim Fortuyn
Rembrandt van Rijn
Vincent van Gogh
Willem van Oranje
Willem Drees
Dick Bruna
Wubbo Ockels
Abe Lenstra
 
Antwoordstatistieken
Antwoord % Correct
Anne Frank
100%
Johan Cruijff
100%
Michiel de Ruyter
86%
Vincent van Gogh
86%
Willem van Oranje
86%
Rembrandt van Rijn
71%
Antoni van Leeuwenhoek
57%
Desiderius Erasmus
57%
Pim Fortuyn
57%
Willem Drees
43%
Geen overeenkomende quizzen gevonden
Scoreverdeling
Procent van Mensen met Elke Score
Percentiel versus Aantal Correcte Antwoorden
Uw Scoregeschiedenis
U heeft deze quiz nog niet genomen